ছাত্র-জনতার অভ্যুত্থান ২০২৪ /

Détails bibliographiques
Auteur principal: রহমান, আহমদ মতিউর
Format: Livre
Langue:Bengali
Publié: ঢাকা : দি রয়েল পাবলিশার্স, ২০২৫.
Sujets:
Classic Catalogue: View this record in Classic Catalogue
LEADER 01533nam a22003137a 4500
001 45717
003 BD-DhAAL
005 20260503172745.0
008 260503t2025 bg a|||| |||| 00| 0 ben d
020 |a 9789849893165 
040 |a BD-DhAAL  |c BD-DhAAL 
041 0 |a ben 
082 |a 320.95492  |2 23 
100 |a রহমান, আহমদ মতিউর.  |9 60455 
245 |a ছাত্র-জনতার অভ্যুত্থান ২০২৪ /  |c আহমদ মতিউর রহমান. 
246 3 |a chatra-janatar ovvutthan 
260 |a ঢাকা :  |b দি রয়েল পাবলিশার্স,  |c ২০২৫. 
300 |a ২০৮ পৃষ্ঠা ;  |b চিত্র ;  |c ২২ সে.মি. 
500 |a [জুলাই গণহত্যা ওআগস্ট বিপ্লব] 
526 |a BIGD  |x Nazim uddin Manager, Admin and logistics BIGD BRAC University. Course Name and No.: N/A 
541 |a Rokomri.com  |e 45717 
650 0 |a Political atrocities  |z Bangladesh.  |9 18071 
650 0 |a Student movements. 
650 0 |a Students  |x Political activity  |z Bangladesh  |9 17837 
651 0 |a Bangladesh  |x Politics and government. 
651 0 |a Bangladesh  |x Politics and government  |y 2024-  |9 57233 
942 |c BK  |2 ddc 
999 |c 47890  |d 47890 
952 |0 0  |1 0  |2 ddc  |4 0  |6 320_954920000000000_RAH  |7 0  |9 79145  |a BIGD  |b BIGD  |d 2026-04-20  |e Rokomari.com  |g 300.00  |l 0  |o 320.95492 RAH  |p 3050045717  |r 2026-04-20  |t 1  |v 600.00  |w 2026-04-20  |y BK  |x Requisitioned by Nazim uddin Manager, Admin and logistics BIGD, BRAC University.